| 000 | 01133nam a2200241Ia 4500 | ||
|---|---|---|---|
| 999 |
_c40500 _d40500 |
||
| 001 | 7111 | ||
| 003 | GE_BSU | ||
| 005 | 20230928154249.0 | ||
| 008 | 181216s||||||||xx |||||||||||||| ||und|| | ||
| 020 | _a9789941198700 | ||
| 040 | _cGE_BSU | ||
| 041 | _ageo | ||
| 080 | _a821.353.1-31+821.353.1-32 ყ-19 | ||
| 100 |
_aყაზბეგი, ალექსანდრე _919949 |
||
| 245 |
_aელეონორა ; ხევის ბერი გოჩა ; მოძღვარი : _bტ. 3 პროზა მოთხრობები, რომანი / _cალექსანდრე ყაზბეგი ; სარედ. ჯგ. : ზურაბ აბაშიძე, მანანა ჯანელიძე, ირმა ხარშილაძე. |
||
| 264 |
_aთბილისი : _bპალიტრა L, _c2013. |
||
| 300 |
_a416 გვ. : _bფოტო გარეკანზე ; _c20 სმ. |
||
| 490 |
_aჩემი რჩეული _vტ. 87 _xISSN 2233-3037 |
||
| 541 | _h8ლ. | ||
| 653 | _aმოთხრობები | ||
| 653 | _aრომანი | ||
| 942 |
_cBK _2udc |
||